ბათუმის შოთა რუსთაველის სახელმწიფო უნივერსიტეტის ბიბლიოთეკა

ანტონ დიდი : (ბიბ.ჩანაწერი № 42118)

000 -ლიდერი
ფიქსირებული სიგრძის საკონტროლო ველი 00967nam a2200229Ia 4500
001 - საკონტროლო ნომერი
საკონტროლო ველი 8809
003 - საკონტროლო ნომრის იდენტიფიკატორი
საკონტროლო ველი GE_BSU
005 - ბოლო ოპერაციის თარიღი და დრო
საკონტროლო ველი 20250331103317.0
008 - ფიქსირებული სიგრძის მონაცემთა ელემენტები - ზოგადი ინფორმაცია
ფიქსირებული სიგრძის საკონტროლო ველი 181216s1990||||ge |||||||||||||| ||geo||
040 ## - კატალოგიზაციის წყარო
Transcribing agency GE_BSU
041 ## - ენის კოდი
Language code of text/sound track or separate title geo
080 ## - უნივერსალური ათობითი კლასიფიკაციის ინდექსი
Universal Decimal Classification number 821.353.1-31 კ-18
100 ## - მთავარი ჩანაწერი - პიროვნების სახელი
Personal name კალანდაძე, ალექსანდრე
9 (RLIN) 24718
245 ## - ცნობა სათაურის შესახებ
Title ანტონ დიდი :
Remainder of title რომანი /
Statement of responsibility, etc ალექსანდრე კალანდაძე; რედ: თ.დაუშვილი ; მხატვ: ჯ. ყაველაშვილი.
245 ## - ცნობა სათაურის შესახებ
Statement of responsibility, etc მე-2 გამოცემა
264 ## - წარმოების, გამოცემის, დისტრიბუციის და სხვა ცნობები
გამოცემის, წარმოების, დისტრიბუციის... ადგილი თბილისი :
გამოცემის, წარმოების, დისტრიბუციის... სახელწოდება საქართველო,
გამოცემის, წარმოების, დისტრიბუციის... თარიღი 1990.
300 ## - ფიზიკური აღწერა
Extent 687 გვ;
Other physical details 21 სმ.
653 ## - INDEX TERM--UNCONTROLLED
Uncontrolled term რომანი
700 ## - ADDED ENTRY--PERSONAL NAME
Personal name დაუშვილი, თ.
Relator term რედაქტორი
9 (RLIN) 5376
700 ## - ADDED ENTRY--PERSONAL NAME
Personal name ყაველაშვილი, ჯ.
Relator term მხატვარი
9 (RLIN) 24719
942 ## - ADDED ENTRY ELEMENTS (KOHA)
Koha item type წიგნი
Source of classification or shelving scheme
ეგზემპლარები
ჩამოწერის სტატუსი დაკარგული ეგზემპლარის სტატუსი კლასიფიკაციის წყარო ან თაროზე გაწყობის სქემა დაზიანების სტატუსი არ გაიცემა მუდმივი მდებარეობა (დაცვის ადგილი) ამჟამინდელი ადგილსამყოფელი თაროზე განთავსების ადგილი შეძენის თარიღი სრული შენახვის შიფრი შტრიხკოდი ბოლო ოპერაციის თარიღი ეგზემპლარის მიმდევრობითი ნომერი (კეტერი?) ფასის ძალაში შესვლის თარიღი ეგზემპლარის სახეობა ღირებულება, შესყიდვის ნორმალური ფასი საჯარო შენიშვნა
          ბათუმის შოთა რუსთაველის სახელმწიფო უნივერსიტეტის მთავარი ბიბლიოთეკა ბათუმის შოთა რუსთაველის სახელმწიფო უნივერსიტეტის მთავარი ბიბლიოთეკა წიგნსაცავი 2018-12-17 821.353.1-31 კ-18 31240 2018-12-17 31240 2018-12-17 წიგნი    
          ბათუმის შოთა რუსთაველის სახელმწიფო უნივერსიტეტის მთავარი ბიბლიოთეკა ბათუმის შოთა რუსთაველის სახელმწიფო უნივერსიტეტის მთავარი ბიბლიოთეკა წიგნსაცავი 2018-12-17 821.353.1-31 კ-18 31241 2018-12-17 31241 2018-12-17 წიგნი    
          ბათუმის შოთა რუსთაველის სახელმწიფო უნივერსიტეტის მთავარი ბიბლიოთეკა ბათუმის შოთა რუსთაველის სახელმწიფო უნივერსიტეტის მთავარი ბიბლიოთეკა წიგნსაცავი 2018-12-17 821.353.1-31 კ-18 31242 2018-12-17 31242 2018-12-17 წიგნი    
          ბათუმის შოთა რუსთაველის სახელმწიფო უნივერსიტეტის მთავარი ბიბლიოთეკა ბათუმის შოთა რუსთაველის სახელმწიფო უნივერსიტეტის მთავარი ბიბლიოთეკა წიგნსაცავი 2018-12-17 821.353.1-31 კ-18 31243 2018-12-17 31243 2018-12-17 წიგნი    
          ბათუმის შოთა რუსთაველის სახელმწიფო უნივერსიტეტის მთავარი ბიბლიოთეკა ბათუმის შოთა რუსთაველის სახელმწიფო უნივერსიტეტის მთავარი ბიბლიოთეკა წიგნსაცავი 2018-12-17 821.353.1-31 კ-18 31244 2018-12-17 31244 2018-12-17 წიგნი 10.00 10 ლ.
          ბათუმის შოთა რუსთაველის სახელმწიფო უნივერსიტეტის მთავარი ბიბლიოთეკა ბათუმის შოთა რუსთაველის სახელმწიფო უნივერსიტეტის მთავარი ბიბლიოთეკა წიგნსაცავი 2018-12-17 821.353.1-31 კ-18 31245 2018-12-17 31245 2018-12-17 წიგნი    
          ბათუმის შოთა რუსთაველის სახელმწიფო უნივერსიტეტის მთავარი ბიბლიოთეკა ბათუმის შოთა რუსთაველის სახელმწიფო უნივერსიტეტის მთავარი ბიბლიოთეკა წიგნსაცავი 2018-12-17 821.353.1-31 კ-18 31246 2018-12-17 31246 2018-12-17 წიგნი    
          ბათუმის შოთა რუსთაველის სახელმწიფო უნივერსიტეტის მთავარი ბიბლიოთეკა ბათუმის შოთა რუსთაველის სახელმწიფო უნივერსიტეტის მთავარი ბიბლიოთეკა წიგნსაცავი 2018-12-17 821.353.1-31 კ-18 31247 2018-12-17 31247 2018-12-17 წიგნი    
          ბათუმის შოთა რუსთაველის სახელმწიფო უნივერსიტეტის მთავარი ბიბლიოთეკა ბათუმის შოთა რუსთაველის სახელმწიფო უნივერსიტეტის მთავარი ბიბლიოთეკა წიგნსაცავი 2018-12-17 821.353.1-31 კ-18 31248 2018-12-17 31248 2018-12-17 წიგნი    
          ბათუმის შოთა რუსთაველის სახელმწიფო უნივერსიტეტის მთავარი ბიბლიოთეკა ბათუმის შოთა რუსთაველის სახელმწიფო უნივერსიტეტის მთავარი ბიბლიოთეკა წიგნსაცავი 2018-12-17 821.353.1-31 კ-18 31249 2018-12-17 31249 2018-12-17 წიგნი